| 000 | 00746nam a2200229Ia 4500 | ||
|---|---|---|---|
| 005 | 20241129111125.0 | ||
| 008 | 241129s9999||||xx |||||||||||||| ||und|| | ||
| 020 | _a978-81-8315-226-6 | ||
| 037 | _aTB | ||
| 040 |
_aCRL _beng _cCRL |
||
| 041 |
_aeng _2eng |
||
| 084 |
_aO15,2D40,1 111R3 _qCRL |
||
| 100 | _aKalidasa Au.; Unni N. P. Au. | ||
| 245 | 0 |
_aAbhijnanasakuntalam : sanskrit text with english translation _cKalidasa Au.; Unni N. P. Au. |
|
| 260 |
_aDelhi, India _bNew Bhartiya Book Corporation _c2023 |
||
| 300 | _axxxviii,198p. | ||
| 365 |
_aINR _b350 |
||
| 546 | _aTranslated from Sanskrit to English | ||
| 650 |
_aSanskrit LiteratureDrama _9726239 |
||
| 942 |
_cTB _hO15,2D40,1 111R3 |
||
| 999 |
_c1229037 _d1229037 |
||